Basic development in fluid dynamics
Đã lưu trong:
| 主要作者: | |
|---|---|
| 格式: | 圖書 |
| 語言: | Undetermined |
| 出版: |
New York
Academic
1965
|
| 主題: | |
| 標簽: |
添加標簽
沒有標簽, 成為第一個標記此記錄!
|
| Thư viện lưu trữ: | Trung tâm Học liệu Trường Đại học Cần Thơ |
|---|
| LEADER | 00471nam a2200181Ia 4500 | ||
|---|---|---|---|
| 001 | CTU_2284 | ||
| 008 | 210402s9999 xx 000 0 und d | ||
| 082 | |a 532.05 | ||
| 082 | |b H758/T1 | ||
| 100 | |a Maurice Holt | ||
| 245 | 0 | |a Basic development in fluid dynamics | |
| 245 | 0 | |c Maurice Holt | |
| 260 | |a New York | ||
| 260 | |b Academic | ||
| 260 | |c 1965 | ||
| 650 | |a fluid dynamics | ||
| 904 | |i Minh, 960823 | ||
| 980 | |a Trung tâm Học liệu Trường Đại học Cần Thơ | ||